Clash Royale Leaderboards 2023 - Statistics

General Stats
  • This quiz has been taken 15 times
  • The average score is 36 of 120
Answer Stats
Hint Deck Answer % Correct
March Miner Wall Breakers Mohamad Light
100%
January Miner Control Mohamed Light
100%
January Splashyard Phoenix Mohamed Light
100%
February Miner Wall Breakers Mohamed Light
100%
February Miner Wall Breakers Mohamed Light
100%
February Miner Wall Breakers Mohamed Light
100%
April N/A Mohamed Light
100%
April N/A Mohamed Light
100%
April N/A Mohamed Light
100%
May Miner WB Magic Archer Mohamed Light
100%
May Miner Mortar Mohamed Light
100%
May Miner Control Mohamed Light
100%
June Royal Giant Mohamed Light
100%
July Miner WB Firecracker Mohamed Light
100%
August Miner WB Magic Archer Mohamed Light
100%
September Miner Rocket Control Mohamed Light
100%
October Hog EQ Knight Mohamed Light
100%
October Miner Wall Breakers Mohamed Light
100%
March Goblin Drill GK Magic Archer Mohamed Light
91%
January Mighty Miner Log Bait Ryley
82%
February Miner Control Ryley
82%
February Miner Control Ryley
82%
April N/A Ryley
82%
August Classic Log Bait Ryley
82%
January Hog EQ Giant Skeleton Ian77
45%
June Hog EQ Mighty Miner Ian77
45%
September Hog EQ Knight Ian77
45%
November Royal Hogs EQ Little Prince Ian77
45%
December Royal Hogs EQ Little Prince Ian77
45%
June Royal Giant LucasXGamer
36%
November Goblin Giant Fisherman Bowler Morten
36%
January Miner Mortar Pedro
36%
February Miner Mortar Pedro
36%
February Miner Control Pedro
36%
March Miner Mortar Pedro
36%
April N/A Pedro
36%
April N/A Pedro
36%
May Miner Mortar Pedro
36%
June Miner WB Firecracker Pedro
36%
July Miner Mortar Pedro
36%
October Royal Giant Recruits Pedro
36%
November Goblin Giant Sparky Pedro
36%
December Miner Control Pedro
36%
December Miner Control Pedro*
36%
November Goblin Giant Fisherman Bowler Arden
18%
April N/A Asaf
18%
June Miner WB Firecracker Asaf
18%
July LavaLoon Carl the Legend
18%
September LavaLoon Carl the Legend
18%
January Lava Miner Dominik
18%
June Royal Giant Dominik
18%
July LavaLoon Dominik
18%
August LavaLoon Miner Dominik
18%
September LavaLoon Dominik
18%
March Giant Graveyard 12345
9%
July Royal Giant Adriel
9%
August Ram Rider Bridge Spam Adriel
9%
January Electro Giant Anaban
9%
January Electro Giant Anaban
9%
March Electro Giant Anaban
9%
March Electro Giant Anaban
9%
March Electro Giant Anaban
9%
October Hog EQ Knight Betfas
9%
June Royal Giant Furkan
9%
February Giant Graveyard Jorge Luis
9%
October Giant Graveyard Jorge Luis
9%
November Giant Graveyard Jorge Luis
9%
December Giant Graveyard Jorge Luis
9%
February Mortar Bait Luminary
9%
March Mortar Bait Luminary
9%
December Giant Graveyard Makotsu
9%
May LavaLoon Guards Nexus
9%
December Electro Giant Bowler Lightning Nexus*
9%
August LavaLoon Rakan
9%
September LavaLoon Miner Rakan
9%
January Miner WB Magic Archer RemiEli
9%
March Miner WB Magic Archer RemiEli
9%
May Miner WB Magic Archer RemiEli
9%
July Miner WB Magic Archer RemiEli
9%
September Miner WB Magic Archer RemiEli
9%
September Miner WB Magic Archer RemiEli
9%
October Miner WB Magic Archer RemiEli
9%
November Giant Graveyard Roberto
9%
February Miner Wall Breakers Samuel Bassotto
9%
July Graveyard Freeze Star Light
9%
August Splashyard Star Light*
9%
September Splashyard Star Light
9%
December Miner Control Taa
9%
July Goblin Drill Firecracker Tyton
9%
June Royal Giant Vitor75
9%
October Splashyard Woo
9%
July Hog Mortar Abstruse
0%
December Splashyard Evo Skellies Little Prince Adrian
0%
September Goblin Giant Sparky Agony
0%
November Goblin Giant Sparky Agony
0%
June Queen Bridge Spam Blue
0%
August Queen Bridge Spam Blue
0%
March Mega Knight Miner WB CR7
0%
April N/A Distrughy
0%
December Splashyard God
0%
November Royal Hogs EQ Little Prince Guriko
0%
November Goblin Giant Fisherman Bowler Hika
0%
December Electro Giant Bowler Lightning MadMachine
0%
July Fireball Bait MajraN
0%
May Goblin Giant Double Prince Mattu
0%
April N/A Nico
0%
June Monk Bridge Spam Firecracker Niuzi
0%
January Fireball Bait osama
0%
October Splashyard Santy
0%
May Lumberloon Minion Horde Seimei
0%
April N/A Spark
0%
November Goblin Giant Sparky Lightning Take
0%
August Classic Log Bait Lightning Tsuonki*
0%
August Goblin Giant Sparky Lightning Wanderer
0%
May Monk Bridge Spam Wero
0%
September Ram Rider Bridge Spam Wero
0%
May Goblin Giant Sparky Lightning Yodacho
0%
August Goblin Giant Sparky Lightning Yodacho
0%
October Goblin Giant Sparky Lightning Yodacho
0%
October Goblin Giant Sparky Zeky
0%
No matching quizzes found
Score Distribution
Percent of People with Each Score
Percentile by Number Answered
Your Score History
You have not taken this quiz